00339nam a2200133Ia 45000030006000000080041000060400015000471000043000622450041001052500010001462600020001565460012001760050017001880STCL150530s9999 xx 000 0 und d aSTCLcSTCL aBurke; Selby, F.G.; Oxon, M.A.; Editor aBurkes speeches on American taxation aFirst bMacmillanc1963 aEnglish20220125171132.0